| 000 -LEADER |
| fixed length control field |
00527cam a22001457a 4500 |
| 008 - FIXED-LENGTH DATA ELEMENTS--GENERAL INFORMATION |
| fixed length control field |
180718b2008 xxu||||| |||| 00| 0 eng d |
| 082 ## - DEWEY DECIMAL CLASSIFICATION NUMBER |
| Classification number |
APPPA 2007-08/MEH |
| 100 ## - MAIN ENTRY--PERSONAL NAME |
| Personal name |
Mehrotra, Praveen Kumar |
| 245 ## - TITLE STATEMENT |
| Title |
Genetically modified crops: food security and issues |
| Statement of responsibility, etc. |
by Praveen Kumar Mehrotra |
| 260 ## - PUBLICATION, DISTRIBUTION, ETC. |
| Place of publication, distribution, etc. |
New Delhi |
| Name of publisher, distributor, etc. |
Indian Institute of Public Administration |
| Date of publication, distribution, etc. |
2008 |
| 300 ## - PHYSICAL DESCRIPTION |
| Extent |
79p. |
| 500 ## - GENERAL NOTE |
| General note |
An APPPA M.Phil dissertation, 2007-08 (Guide: Anil C. Ittyerah) |
| 650 ## - SUBJECT ADDED ENTRY--TOPICAL TERM |
| Topical term or geographic name entry element |
Food supply - India |
| 650 ## - SUBJECT ADDED ENTRY--TOPICAL TERM |
| Topical term or geographic name entry element |
Agriculture - India |